[Event "DEM U10 2018"]
[Site "Willingen GER"]
[Date "2018.05.23"]
[Round "6"]
[White "Costa, Leonardo"]
[Black "Kocharin, Timur"]
[Result "1-0"]
[Termination "normal"]
[Board "5"]
[WhiteElo "1848"]
[BlackElo "1280"]
[WhiteClock "00:11:28"]
[BlackClock "00:19:53"]
[PlyCount "97"]
[WhiteFideId "16213955"]
[BlackFideId "16240936"]
[EventCountry "GER"]
[EventRounds "11"]
[EventType "swiss"]
[EventDate "2018.05.19"]

1. Nf3 {[%clk 1:15:57]} 1... c5 {[%clk 1:15:12]} 2. g3 {[%clk 1:16:12]} 2...
Nf6 {[%clk 1:15:16]} 3. Bg2 {[%clk 1:16:30]} 3... Nc6 {[%clk 1:14:52]} 4. O-O {
[%clk 1:16:51]} 4... d5 {[%clk 1:14:44]} 5. d3 {[%clk 1:17:06]} 5... e5 { [%clk
1:14:41]} 6. c4 {[%clk 1:17:24]} 6... Be7 {[%clk 1:14:23]} 7. Na3 { [%clk
1:14:15]} 7... d4 {[%clk 1:13:53]} 8. e3 {[%clk 1:13:29]} 8... O-O { [%clk
1:13:09]} 9. exd4 {[%clk 1:13:50]} 9... exd4 {[%clk 1:12:45]} 10. Re1 { [%clk
1:13:22]} 10... h6 {[%clk 1:12:27]} 11. Nc2 {[%clk 1:13:20]} 11... Bf5 { [%clk
1:11:05]} 12. Bf4 {[%clk 1:11:53]} 12... Re8 {[%clk 1:03:10]} 13. Ne5 { [%clk
1:07:47]} 13... Rc8 {[%clk 0:59:51]} 14. Nxc6 {[%clk 1:03:49]} 14... bxc6
{[%clk 1:00:13]} 15. Qd2 {[%clk 0:57:06]} 15... Nd7 {[%clk 0:53:39]} 16. b4 {
[%clk 0:52:11]} 16... g5 {[%clk 0:53:24]} 17. g4 {[%clk 0:46:44]} 17... Bxg4 {
[%clk 0:53:40]} 18. Bg3 {[%clk 0:46:54]} 18... f5 {[%clk 0:50:10]} 19. h3 {
[%clk 0:46:56]} 19... Bh5 {[%clk 0:50:14]} 20. Re6 {[%clk 0:41:21]} 20... Bf6 {
[%clk 0:46:11]} 21. Rxc6 {[%clk 0:27:09]} 21... Rxc6 {[%clk 0:46:31]} 22. Bxc6
{[%clk 0:27:29]} 22... Re2 {[%clk 0:46:41]} 23. Qc1 {[%clk 0:27:10]} 23... f4 {
[%clk 0:46:18]} 24. Bh2 {[%clk 0:27:28]} 24... Ne5 {[%clk 0:46:41]} 25. Bd5+ {
[%clk 0:27:32]} 25... Kg7 {[%clk 0:47:00]} 26. Ne1 {[%clk 0:27:09]} 26... Qd7 {
[%clk 0:40:18]} 27. Bg2 {[%clk 0:26:37]} 27... Qf5 {[%clk 0:37:17]} 28. Qa3 {
[%clk 0:23:39]} 28... g4 {[%clk 0:21:36]} 29. Qxa7+ {[%clk 0:20:15]} 29... Bf7
{[%clk 0:19:49]} 30. Kf1 {[%clk 0:13:35]} 30... f3 {[%clk 0:16:49]} 31. Bh1 {
[%clk 0:09:44]} 31... Bh4 {[%clk 0:15:08]} 32. Bg1 {[%clk 0:06:33]} 32... Nxd3
{[%clk 0:14:57]} 33. hxg4 {[%clk 0:05:51]} 33... Rxe1+ {[%clk 0:14:37]} 34.
Rxe1 {[%clk 0:06:12]} 34... Nxe1 {[%clk 0:15:00]} 35. gxf5 {[%clk 0:06:32]}
35... Nc2 {[%clk 0:15:05]} 36. Bxf3 {[%clk 0:06:38]} 36... Kf6 {[%clk 0:15:54]}
37. Qxc5 {[%clk 0:08:44]} 37... d3 {[%clk 0:16:13]} 38. Qd6+ {[%clk 0:08:44]}
38... Kg5 {[%clk 0:16:35]} 39. Qxd3 {[%clk 0:08:27]} 39... Na1 {[%clk 0:16:46]}
40. b5 {[%clk 0:08:28]} 40... h5 {[%clk 0:16:57]} 41. b6 {[%clk 0:08:46]} 41...
Be8 {[%clk 0:17:19]} 42. Qd8+ {[%clk 0:09:01]} 42... Kh6 {[%clk 0:17:39]} 43.
Qxe8 {[%clk 0:09:22]} 43... Kg7 {[%clk 0:18:02]} 44. Qg6+ {[%clk 0:09:42]}
44... Kf8 {[%clk 0:18:24]} 45. f6 {[%clk 0:10:04]} 45... Bxf6 {[%clk 0:18:47]}
46. Qxf6+ {[%clk 0:10:29]} 46... Kg8 {[%clk 0:19:07]} 47. b7 {[%clk 0:10:43]}
47... Kh7 {[%clk 0:19:31]} 48. b8=Q {[%clk 0:11:04]} 48... Nb3 {[%clk 0:19:53]}
49. Qbh8# {[%clk 0:11:28]} 1-0

[Event "DEM U10 2018"]
[Site "Willingen GER"]
[Date "2018.05.23"]
[Round "6"]
[White "Nitsche, Nikolai"]
[Black "Helms, Finn"]
[Result "1-0"]
[Termination "normal"]
[Board "6"]
[WhiteElo "1810"]
[BlackElo "1435"]
[WhiteClock "00:05:08"]
[BlackClock "00:46:21"]
[PlyCount "121"]
[WhiteFideId "16221036"]
[BlackFideId "16249143"]
[EventCountry "GER"]
[EventRounds "11"]
[EventType "swiss"]
[EventDate "2018.05.19"]

1. d4 {[%clk 1:15:56]} 1... d5 {[%clk 1:15:54]} 2. c4 {[%clk 1:16:22]} 2... c6
{[%clk 1:16:13]} 3. cxd5 {[%clk 1:16:37]} 3... cxd5 {[%clk 1:16:35]} 4. Nf3 {
[%clk 1:17:00]} 4... Bf5 {[%clk 1:16:58]} 5. Nc3 {[%clk 1:17:02]} 5... e6 {
[%clk 1:17:10]} 6. Bf4 {[%clk 1:17:07]} 6... Nc6 {[%clk 1:17:21]} 7. e3 { [%clk
1:17:00]} 7... Nf6 {[%clk 1:17:37]} 8. Qb3 {[%clk 1:07:50]} 8... Nb4 { [%clk
1:10:56]} 9. Bb5+ {[%clk 1:04:44]} 9... Nd7 {[%clk 1:07:26]} 10. Rc1 { [%clk
0:51:56]} 10... a6 {[%clk 1:03:06]} 11. Bxd7+ {[%clk 0:46:32]} 11... Qxd7
{[%clk 1:03:12]} 12. O-O {[%clk 0:44:37]} 12... Bd6 {[%clk 1:00:04]} 13. Ne5 {
[%clk 0:38:58]} 13... Bxe5 {[%clk 0:57:13]} 14. Qxb4 {[%clk 0:35:32]} 14...
Bxf4 {[%clk 0:56:58]} 15. exf4 {[%clk 0:33:39]} 15... Qe7 {[%clk 0:54:08]} 16.
Qa4+ {[%clk 0:31:37]} 16... Qd7 {[%clk 0:54:25]} 17. Qa5 {[%clk 0:30:32]} 17...
O-O {[%clk 0:53:06]} 18. Na4 {[%clk 0:24:00]} 18... Qb5 {[%clk 0:51:23]} 19. b4
{[%clk 0:23:03]} 19... Qxa5 {[%clk 0:48:06]} 20. bxa5 20... Bd3 {[%clk 0:47:32]
} 21. Rfd1 {[%clk 0:23:13]} 21... Bb5 {[%clk 0:43:08]} 22. Nb6 {[%clk 0:20:32]}
22... Rab8 {[%clk 0:42:38]} 23. Re1 {[%clk 0:17:32]} 23... g6 {[%clk 0:42:37]}
24. g4 {[%clk 0:17:07]} 24... Kg7 {[%clk 0:42:34]} 25. Kg2 {[%clk 0:16:59]}
25... Kf6 {[%clk 0:42:52]} 26. Kf3 {[%clk 0:15:33]} 26... Bc6 {[%clk 0:42:45]}
27. Rc5 {[%clk 0:13:58]} 27... Rfd8 {[%clk 0:43:00]} 28. h4 {[%clk 0:10:38]}
28... h6 {[%clk 0:42:32]} 29. Re5 {[%clk 0:07:51]} 29... Re8 {[%clk 0:42:01]}
30. Re3 {[%clk 0:06:05]} 30... Red8 {[%clk 0:42:17]} 31. Rb3 {[%clk 0:06:16]}
31... Ke7 {[%clk 0:41:20]} 32. Rc1 {[%clk 0:05:20]} 32... h5 {[%clk 0:41:19]}
33. Rg1 {[%clk 0:03:47]} 33... Rg8 {[%clk 0:41:31]} 34. gxh5 {[%clk 0:03:27]}
34... gxh5 {[%clk 0:41:52]} 35. Rg5 {[%clk 0:03:51]} 35... Rxg5 {[%clk 0:42:03]
} 36. fxg5 {[%clk 0:02:42]} 36... f6 {[%clk 0:41:51]} 37. Kg3 {[%clk 0:02:03]}
37... Rg8 {[%clk 0:42:07]} 38. f4 {[%clk 0:02:30]} 38... fxg5 {[%clk 0:42:17]}
39. hxg5 {[%clk 0:02:41]} 39... Kf7 {[%clk 0:42:30]} 40. Re3 {[%clk 0:02:49]}
40... Re8 {[%clk 0:42:41]} 41. Ra3 {[%clk 0:02:30]} 41... Kg6 {[%clk 0:42:42]}
42. Re3 {[%clk 0:01:45]} 42... Kf5 {[%clk 0:42:55]} 43. Re5+ {[%clk 0:00:51]}
43... Kg6 {[%clk 0:43:16]} 44. a4 {[%clk 0:12:03]} 44... Re7 {[%clk 0:55:57]}
45. Nc8 {[%clk 0:09:34]} 45... Re8 {[%clk 0:55:22]} 46. Nd6 {[%clk 0:07:35]}
46... Re7 {[%clk 0:55:22]} 47. Kh4 {[%clk 0:05:52]} 47... Bxa4 {[%clk 0:51:58]}
48. f5+ {[%clk 0:06:08]} 48... Kh7 {[%clk 0:52:01]} 49. g6+ {[%clk 0:05:38]}
49... Kh6 {[%clk 0:51:43]} 50. Nf7+ {[%clk 0:05:49]} 50... Kg7 {[%clk 0:51:26]}
51. Kg5 {[%clk 0:05:33]} 51... Kf8 {[%clk 0:50:47]} 52. Kf6 {[%clk 0:04:47]}
52... Re8 {[%clk 0:46:34]} 53. fxe6 {[%clk 0:03:49]} 53... Bd1 {[%clk 0:44:14]}
54. e7+ {[%clk 0:03:37]} 54... Kg8 {[%clk 0:44:20]} 55. Nh6+ {[%clk 0:03:45]}
55... Kh8 {[%clk 0:44:42]} 56. g7+ {[%clk 0:04:10]} 56... Kh7 {[%clk 0:45:01]}
57. g8=Q+ {[%clk 0:04:35]} 57... Rxg8 {[%clk 0:45:15]} 58. Nxg8 {[%clk 0:04:51]
} 58... h4 {[%clk 0:45:39]} 59. e8=Q {[%clk 0:04:52]} 59... h3 {[%clk 0:46:00]}
60. Qg6+ {[%clk 0:05:08]} 60... Kh8 {[%clk 0:46:21]} 61. Qg7# 1-0

[Event "DEM U10 2018"]
[Site "Willingen GER"]
[Date "2018.05.23"]
[Round "6"]
[White "Krüger, Arthur"]
[Black "Ermitsch, Magnus"]
[Result "0-1"]
[Termination "normal"]
[Board "7"]
[WhiteElo "1549"]
[BlackElo "1560"]
[WhiteClock "00:14:18"]
[BlackClock "00:25:20"]
[PlyCount "86"]
[WhiteFideId "16244966"]
[BlackFideId "16234464"]
[EventCountry "GER"]
[EventRounds "11"]
[EventType "swiss"]
[EventDate "2018.05.19"]

1. e4 {[%clk 1:15:23]} 1... c5 {[%clk 1:13:36]} 2. Nf3 {[%clk 1:14:50]} 2... e6
{[%clk 1:11:33]} 3. d4 {[%clk 1:14:28]} 3... cxd4 {[%clk 1:09:15]} 4. Nxd4 {
[%clk 1:14:01]} 4... Nc6 {[%clk 1:07:56]} 5. Nb5 {[%clk 1:09:54]} 5... a6 {
[%clk 1:03:27]} 6. Nd6+ {[%clk 1:06:35]} 6... Bxd6 {[%clk 1:03:02]} 7. Qxd6 {
[%clk 1:06:32]} 7... Nge7 {[%clk 0:59:52]} 8. Bd3 {[%clk 1:00:51]} 8... b5 {
[%clk 0:58:43]} 9. O-O {[%clk 0:58:50]} 9... Bb7 {[%clk 0:58:28]} 10. Be3 {
[%clk 0:55:48]} 10... O-O {[%clk 0:57:46]} 11. f4 {[%clk 0:54:58]} 11... f5 {
[%clk 0:55:46]} 12. Nd2 {[%clk 0:50:44]} 12... fxe4 {[%clk 0:55:38]} 13. Bxe4 {
[%clk 0:49:48]} 13... Nf5 {[%clk 0:55:13]} 14. Bxf5 {[%clk 0:49:00]} 14... Rxf5
{[%clk 0:55:24]} 15. c4 {[%clk 0:46:12]} 15... bxc4 {[%clk 0:48:55]} 16. Nxc4 {
[%clk 0:45:02]} 16... Rd5 {[%clk 0:49:16]} 17. Qa3 {[%clk 0:44:40]} 17... Nd4 {
[%clk 0:48:33]} 18. Bxd4 {[%clk 0:43:34]} 18... Rxd4 {[%clk 0:48:51]} 19. Qc3 {
[%clk 0:36:44]} 19... Rd5 {[%clk 0:47:03]} 20. Rad1 {[%clk 0:33:35]} 20... Rc8
{[%clk 0:32:35]} 21. Rd4 {[%clk 0:26:14]} 21... e5 {[%clk 0:24:15]} 22. fxe5 {
[%clk 0:21:44]} 22... Qg5 {[%clk 0:21:57]} 23. g3 {[%clk 0:18:05]} 23... Rdc5 {
[%clk 0:13:44]} 24. Qa3 {[%clk 0:10:17]} 24... Rd5 {[%clk 0:09:00]} 25. Rxd5 {
[%clk 0:09:15]} 25... Bxd5 {[%clk 0:09:21]} 26. Nb6 {[%clk 0:08:14]} 26... Qd2
{[%clk 0:09:41]} 27. Nxd5 {[%clk 0:06:06]} 27... Qxd5 {[%clk 0:10:03]} 28. Qb3
{[%clk 0:04:09]} 28... Qxb3 {[%clk 0:10:16]} 29. axb3 {[%clk 0:04:26]} 29...
Rc2 {[%clk 0:10:39]} 30. Rf2 {[%clk 0:04:35]} 30... Rc5 {[%clk 0:10:56]} 31.
Re2 {[%clk 0:02:22]} 31... Kf7 {[%clk 0:11:17]} 32. Rd2 {[%clk 0:01:29]} 32...
Ke7 {[%clk 0:11:16]} 33. Rd6 {[%clk 0:00:47]} 33... Rb5 {[%clk 0:11:36]} 34.
Rxa6 {[%clk 0:00:34]} 34... Rxb3 {[%clk 0:12:00]} 35. Rd6 {[%clk 0:00:33]}
35... Rxb2 {[%clk 0:12:22]} 36. Kf1 {[%clk 0:00:31]} 36... Rxh2 {[%clk 0:12:45]
} 37. Kg1 {[%clk 0:00:40]} 37... Re2 {[%clk 0:13:09]} 38. Rd5 {[%clk 0:01:01]}
38... g6 {[%clk 0:12:53]} 39. Kf1 {[%clk 0:01:17]} 39... Ra2 {[%clk 0:12:46]}
40. Kg1 {[%clk 0:01:17]} 40... Ra7 {[%clk 0:11:50]} 41. Kg2 {[%clk 0:00:31]}
41... Ke6 {[%clk 0:12:08]} 42. Rb5 {[%clk 0:14:35]} 42... Ra3 {[%clk 0:25:04]}
43. Kf2 {[%clk 0:14:18]} 43... Rd3 {[%clk 0:25:20]} 0-1

[Event "DEM U10 2018"]
[Site "Willingen GER"]
[Date "2018.05.23"]
[Round "6"]
[White "Kiefhaber, Tobias"]
[Black "Krüger, Aurelian"]
[Result "1-0"]
[Termination "normal"]
[Board "8"]
[WhiteElo "1551"]
[BlackElo "1469"]
[WhiteClock "00:41:49"]
[BlackClock "00:15:30"]
[PlyCount "60"]
[WhiteFideId "16240693"]
[BlackFideId "16230400"]
[EventCountry "GER"]
[EventRounds "11"]
[EventType "swiss"]
[EventDate "2018.05.19"]

1. d4 {[%clk 1:15:59]} 1... Nf6 {[%clk 1:15:55]} 2. Nf3 {[%clk 1:16:21]} 2...
g6 {[%clk 1:16:19]} 3. c4 {[%clk 1:16:41]} 3... Bg7 {[%clk 1:16:37]} 4. Nc3 {
[%clk 1:17:03]} 4... d6 {[%clk 1:16:54]} 5. Bf4 {[%clk 1:17:04]} 5... O-O {
[%clk 1:16:58]} 6. Qd2 {[%clk 1:16:53]} 6... Re8 {[%clk 1:16:35]} 7. Bh6 {
[%clk 1:16:10]} 7... Bh8 {[%clk 1:15:49]} 8. Qg5 {[%clk 1:15:05]} 8... Ng4 {
[%clk 1:15:41]} 9. h4 {[%clk 1:13:22]} 9... Nxh6 {[%clk 1:15:54]} 10. Qxh6 {
[%clk 1:13:41]} 10... Bg7 {[%clk 1:16:14]} 11. Qd2 {[%clk 1:13:58]} 11... h5 {
[%clk 1:16:22]} 12. e3 {[%clk 1:13:39]} 12... Nd7 {[%clk 1:14:55]} 13. Bd3 {
[%clk 1:13:37]} 13... Nf6 {[%clk 1:10:53]} 14. Qc2 {[%clk 1:12:03]} 14... c6 {
[%clk 1:09:56]} 15. Ng5 {[%clk 1:09:19]} 15... Rf8 {[%clk 1:05:54]} 16. Nce4 {
[%clk 1:07:37]} 16... Nxe4 {[%clk 0:53:25]} 17. Bxe4 {[%clk 1:02:16]} 17... Bh6
{[%clk 0:52:30]} 18. Bxg6 {[%clk 1:01:11]} 18... Qa5+ {[%clk 0:51:02]} 19. b4 {
[%clk 0:56:25]} 19... Qxb4+ {[%clk 0:47:15]} 20. Kf1 {[%clk 0:56:09]} 20... Bg4
{[%clk 0:42:25]} 21. Bxh5 {[%clk 0:48:32]} 21... Bxg5 {[%clk 0:39:57]} 22. hxg5
{[%clk 0:48:44]} 22... Be6 {[%clk 0:36:34]} 23. Be2 {[%clk 0:47:56]} 23... f5 {
[%clk 0:36:36]} 24. gxf6 {[%clk 0:48:09]} 24... Rxf6 {[%clk 0:36:53]} 25. Rb1 {
[%clk 0:45:17]} 25... Qa5 {[%clk 0:36:40]} 26. Qh7+ {[%clk 0:44:54]} 26... Kf8
{[%clk 0:36:34]} 27. Rxb7 {[%clk 0:43:46]} 27... Bf7 {[%clk 0:36:21]} 28. Qh8+
{[%clk 0:42:37]} 28... Bg8 {[%clk 0:36:44]} 29. Rh6 {[%clk 0:41:40]} 29... Rf7
{[%clk 0:01:36]} 30. Rg6 {[%clk 0:41:49]} 30... Rxf2+ {[%clk 0:15:30]} 1-0

[Event "DEM U10 2018"]
[Site "Willingen GER"]
[Date "2018.05.23"]
[Round "6"]
[White "Kempe, Caius Emilian"]
[Black "Sommer, Justus"]
[Result "1-0"]
[Termination "normal"]
[Board "9"]
[WhiteElo "1522"]
[BlackElo "1459"]
[WhiteClock "01:17:14"]
[BlackClock "01:17:27"]
[PlyCount "103"]
[WhiteFideId "16246861"]
[BlackFideId "16245008"]
[EventCountry "GER"]
[EventRounds "11"]
[EventType "swiss"]
[EventDate "2018.05.19"]

1. e4 {[%clk 1:15:57]} 1... e5 {[%clk 1:15:53]} 2. Nf3 {[%clk 1:16:14]} 2...
Nc6 {[%clk 1:16:14]} 3. Bc4 {[%clk 1:16:27]} 3... Bc5 {[%clk 1:16:35]} 4. b4 {
[%clk 1:16:40]} 4... Bxb4 {[%clk 1:16:48]} 5. c3 {[%clk 1:17:02]} 5... Ba5 {
[%clk 1:17:03]} 6. d4 {[%clk 1:17:08]} 6... exd4 {[%clk 1:17:07]} 7. O-O {
[%clk 1:17:18]} 7... h6 {[%clk 1:16:19]} 8. Qb3 {[%clk 1:17:01]} 8... Qe7 {
[%clk 1:15:53]} 9. Ba3 {[%clk 1:17:16]} 9... d6 {[%clk 1:16:03]} 10. cxd4 {
[%clk 1:17:37]} 10... Nf6 {[%clk 1:14:31]} 11. d5 {[%clk 1:17:41]} 11... Ne5 {
[%clk 1:14:02]} 12. Nxe5 {[%clk 1:17:49]} 12... Qxe5 {[%clk 1:14:04]} 13. Qa4+
{[%clk 1:17:56]} 13... Bd7 {[%clk 1:13:55]} 14. Qxa5 {[%clk 1:18:17]} 14... b6
{[%clk 1:13:33]} 15. Qc3 {[%clk 1:18:16]} 15... Qxc3 {[%clk 1:13:14]} 16. Nxc3
{[%clk 1:18:34]} 16... Ng4 {[%clk 1:12:37]} 17. h3 {[%clk 1:17:48]} 17... Ne5 {
[%clk 1:12:59]} 18. Be2 {[%clk 1:17:23]} 18... O-O {[%clk 1:13:06]} 19. f4 {
[%clk 1:15:42]} 19... Ng6 {[%clk 1:13:19]} 20. Bh5 {[%clk 1:13:50]} 20... Rfe8
{[%clk 1:13:16]} 21. Rae1 {[%clk 1:12:19]} 21... b5 {[%clk 1:11:52]} 22. Bxg6 {
[%clk 1:11:59]} 22... fxg6 {[%clk 1:12:14]} 23. e5 {[%clk 1:12:09]} 23... a5 {
[%clk 1:12:23]} 24. e6 {[%clk 1:10:39]} 24... Bxe6 {[%clk 1:11:19]} 25. dxe6 {
[%clk 1:11:01]} 25... b4 {[%clk 1:11:40]} 26. Nd5 {[%clk 1:11:26]} 26... c6 {
[%clk 1:11:40]} 27. Nc7 {[%clk 1:11:48]} 27... bxa3 {[%clk 1:12:03]} 28. Nxe8 {
[%clk 1:10:58]} 28... Rxe8 {[%clk 1:12:24]} 29. e7 {[%clk 1:11:07]} 29... d5 {
[%clk 1:12:06]} 30. Kf2 {[%clk 1:11:28]} 30... Kf7 {[%clk 1:12:31]} 31. Re5 {
[%clk 1:11:41]} 31... Rxe7 {[%clk 1:12:48]} 32. Rxe7+ {[%clk 1:12:06]} 32...
Kxe7 {[%clk 1:13:10]} 33. Ke3 {[%clk 1:12:22]} 33... Kd6 {[%clk 1:13:28]} 34.
Kd4 {[%clk 1:12:14]} 34... c5+ {[%clk 1:12:52]} 35. Kc3 {[%clk 1:12:32]} 35...
c4 {[%clk 1:13:01]} 36. Kd4 {[%clk 1:12:57]} 36... Kc6 {[%clk 1:13:17]} 37. Rb1
{[%clk 1:13:04]} 37... g5 {[%clk 1:13:37]} 38. f5 {[%clk 1:13:23]} 38... h5 {
[%clk 1:13:41]} 39. g4 {[%clk 1:13:48]} 39... h4 {[%clk 1:14:00]} 40. Rb8 {
[%clk 1:14:05]} 40... Kd7 {[%clk 1:14:05]} 41. Kxd5 {[%clk 1:14:14]} 41... Kc7
{[%clk 1:14:20]} 42. Rb1 {[%clk 1:14:32]} 42... c3 {[%clk 1:14:39]} 43. Rc1 {
[%clk 1:14:58]} 43... c2 {[%clk 1:14:59]} 44. Rxc2+ {[%clk 1:15:23]} 44... Kd7
{[%clk 1:15:24]} 45. Rc6 {[%clk 1:15:31]} 45... Ke7 {[%clk 1:15:44]} 46. Rd6 {
[%clk 1:15:50]} 46... a4 {[%clk 1:16:06]} 47. Ke5 {[%clk 1:15:53]} 47... Kf8 {
[%clk 1:16:16]} 48. Ke6 {[%clk 1:16:11]} 48... Kg8 {[%clk 1:16:27]} 49. Rd8+ {
[%clk 1:16:33]} 49... Kh7 {[%clk 1:16:51]} 50. Kf7 {[%clk 1:16:51]} 50... g6 {
[%clk 1:17:06]} 51. fxg6+ {[%clk 1:17:14]} 51... Kh6 {[%clk 1:17:27]} 52. Rh8#
1-0

[Event "DEM U10 2018"]
[Site "Willingen GER"]
[Date "2018.05.23"]
[Round "6"]
[White "Puchas, Henrik"]
[Black "Korek, Jakob Alexander"]
[Result "0-1"]
[Termination "normal"]
[Board "10"]
[WhiteElo "1439"]
[BlackElo "1517"]
[WhiteClock "00:56:03"]
[BlackClock "00:56:04"]
[PlyCount "66"]
[WhiteFideId "16257995"]
[BlackFideId "16240022"]
[EventCountry "GER"]
[EventRounds "11"]
[EventType "swiss"]
[EventDate "2018.05.19"]

1. e4 {[%clk 1:15:52]} 1... c5 {[%clk 1:15:52]} 2. Nf3 {[%clk 1:16:04]} 2... e6
{[%clk 1:16:07]} 3. d4 {[%clk 1:16:03]} 3... cxd4 {[%clk 1:16:28]} 4. Nxd4 {
[%clk 1:16:14]} 4... Nf6 {[%clk 1:16:26]} 5. Nc3 {[%clk 1:16:16]} 5... Qb6 {
[%clk 1:16:39]} 6. Nb3 {[%clk 1:16:23]} 6... Nc6 {[%clk 1:16:51]} 7. Be3 {
[%clk 1:16:41]} 7... Qc7 {[%clk 1:17:06]} 8. f4 {[%clk 1:15:15]} 8... d6 {
[%clk 1:16:31]} 9. Qf3 {[%clk 1:14:14]} 9... a6 {[%clk 1:16:22]} 10. Bd3 {
[%clk 1:14:27]} 10... Be7 {[%clk 1:16:06]} 11. h3 {[%clk 1:14:11]} 11... Nb4 {
[%clk 1:14:18]} 12. O-O-O {[%clk 1:13:03]} 12... d5 {[%clk 1:13:23]} 13. e5 {
[%clk 1:13:02]} 13... Nxd3+ {[%clk 1:12:58]} 14. Rxd3 {[%clk 1:13:19]} 14...
Nd7 {[%clk 1:12:51]} 15. g4 {[%clk 1:13:29]} 15... Nc5 {[%clk 1:12:11]} 16.
Nxc5 {[%clk 1:13:29]} 16... Bxc5 {[%clk 1:12:17]} 17. Bxc5 {[%clk 1:13:55]}
17... Qxc5 {[%clk 1:12:40]} 18. Rhd1 {[%clk 1:13:22]} 18... O-O {[%clk 1:10:41]
} 19. h4 {[%clk 1:13:18]} 19... b5 {[%clk 1:09:47]} 20. f5 {[%clk 1:11:11]}
20... f6 {[%clk 1:02:17]} 21. fxe6 {[%clk 1:03:12]} 21... Bxe6 {[%clk 1:01:28]}
22. exf6 {[%clk 0:59:37]} 22... Rxf6 {[%clk 1:01:41]} 23. Qg2 {[%clk 0:59:55]}
23... Rf2 {[%clk 0:59:06]} 24. Qg1 {[%clk 0:58:45]} 24... Raf8 {[%clk 0:57:05]}
25. R3d2 {[%clk 0:56:13]} 25... Qe3 {[%clk 0:56:04]} 26. Qe1 {[%clk 0:56:00]}
26... d4 {[%clk 0:54:17]} 27. Qxe3 {[%clk 0:55:08]} 27... dxe3 {[%clk 0:54:36]}
28. Re2 {[%clk 0:55:07]} 28... Rxe2 {[%clk 0:54:19]} 29. Nxe2 {[%clk 0:55:29]}
29... Bxg4 {[%clk 0:54:39]} 30. Re1 {[%clk 0:55:56]} 30... Bxe2 {[%clk 0:54:52]
} 31. c3 {[%clk 0:55:24]} 31... Rf1 {[%clk 0:55:12]} 32. Rxf1 {[%clk 0:55:48]}
32... Bxf1 {[%clk 0:55:38]} 33. Kd1 {[%clk 0:56:03]} 33... e2+ {[%clk 0:56:04]}
0-1

[Event "DEM U10 2018"]
[Site "Willingen GER"]
[Date "2018.05.23"]
[Round "6"]
[White "Aravindan, Midhulan"]
[Black "Cilo, Selimhan"]
[Result "1-0"]
[Termination "normal"]
[Board "11"]
[WhiteElo "1446"]
[BlackElo "1400"]
[WhiteClock "00:56:48"]
[BlackClock "00:10:39"]
[PlyCount "104"]
[WhiteFideId "16237250"]
[BlackFideId "16246756"]
[EventCountry "GER"]
[EventRounds "11"]
[EventType "swiss"]
[EventDate "2018.05.19"]

1. e4 {[%clk 1:15:59]} 1... e5 {[%clk 1:15:50]} 2. Nf3 {[%clk 1:16:23]} 2...
Nc6 {[%clk 1:16:10]} 3. Bb5 {[%clk 1:16:44]} 3... a6 {[%clk 1:16:33]} 4. Bxc6 {
[%clk 1:17:10]} 4... dxc6 {[%clk 1:16:52]} 5. O-O {[%clk 1:17:32]} 5... Bd6 {
[%clk 1:16:44]} 6. d3 {[%clk 1:17:57]} 6... Nf6 {[%clk 1:15:29]} 7. h3 { [%clk
1:17:58]} 7... O-O {[%clk 1:15:11]} 8. Be3 {[%clk 1:17:50]} 8... Re8 { [%clk
1:13:24]} 9. Nbd2 {[%clk 1:16:19]} 9... Bd7 {[%clk 1:11:21]} 10. c3 10... Rb8
{[%clk 1:04:34]} 11. Qc2 {[%clk 1:12:27]} 11... Qe7 {[%clk 1:01:02]} 12. b4
{[%clk 1:10:31]} 12... b5 {[%clk 0:51:50]} 13. Nb3 {[%clk 1:07:49]} 13... Be6 {
[%clk 0:40:59]} 14. Nc5 {[%clk 1:04:49]} 14... Nd7 {[%clk 0:37:01]} 15. Nb3 {
[%clk 1:01:54]} 15... f6 {[%clk 0:34:30]} 16. Na5 {[%clk 0:58:50]} 16... Qf7 {
[%clk 0:32:28]} 17. Nxc6 {[%clk 0:56:12]} 17... Ra8 {[%clk 0:32:37]} 18. Na5 {
[%clk 0:53:19]} 18... Qg6 {[%clk 0:29:58]} 19. Kh1 {[%clk 0:48:46]} 19... Qh5 {
[%clk 0:29:18]} 20. Nh2 {[%clk 0:48:10]} 20... Nf8 {[%clk 0:27:43]} 21. Qd1 {
[%clk 0:47:00]} 21... Qxd1 {[%clk 0:27:34]} 22. Rfxd1 {[%clk 0:47:21]} 22... h5
{[%clk 0:25:05]} 23. Nb3 23... g5 {[%clk 0:24:58]} 24. f3 {[%clk 0:45:52]}
24... Kg7 {[%clk 0:23:18]} 25. Nc5 {[%clk 0:45:10]} 25... Kg6 {[%clk 0:22:00]}
26. Nxe6 {[%clk 0:45:12]} 26... Nxe6 {[%clk 0:22:20]} 27. Nf1 {[%clk 0:44:56]}
27... Nf4 {[%clk 0:21:39]} 28. Ng3 {[%clk 0:44:37]} 28... Rh8 {[%clk 0:20:35]}
29. Nf5 {[%clk 0:44:33]} 29... g4 {[%clk 0:17:40]} 30. Bxf4 {[%clk 0:43:21]}
30... exf4 {[%clk 0:17:13]} 31. h4 {[%clk 0:43:11]} 31... gxf3 {[%clk 0:15:53]}
32. gxf3 {[%clk 0:43:30]} 32... Kh7 {[%clk 0:14:56]} 33. Rg1 {[%clk 0:43:19]}
33... Rhg8 {[%clk 0:13:41]} 34. Rxg8 {[%clk 0:39:46]} 34... Rxg8 { [%clk
0:14:04]} 35. Rg1 {[%clk 0:40:06]} 35... Rxg1+ {[%clk 0:13:18]} 36. Kxg1 {[%clk
0:40:25]} 36... Kg6 {[%clk 0:13:40]} 37. Kf1 {[%clk 0:40:48]} 37... Kf7 {[%clk
0:13:21]} 38. Nxd6+ {[%clk 0:40:34]} 38... cxd6 {[%clk 0:13:07]} 39. d4 {[%clk
0:41:01]} 39... Ke6 {[%clk 0:11:54]} 40. Ke2 {[%clk 0:41:27]} 40... Ke7 {[%clk
0:08:20]} 41. d5 {[%clk 0:40:58]} 41... Kf7 {[%clk 0:02:06]} 42. Kd3 { [%clk
0:40:53]} 42... Kg6 {[%clk 0:01:26]} 43. Kd4 {[%clk 0:41:00]} 43... Kf7 { [%clk
0:00:38]} 44. c4 {[%clk 0:41:23]} 44... bxc4 {[%clk 0:15:08]} 45. Kxc4 { [%clk
0:56:47]} 45... Kg6 {[%clk 0:15:25]} 46. Kd4 {[%clk 0:57:10]} 46... Kf7 { [%clk
0:15:23]} 47. a4 {[%clk 0:57:14]} 47... Ke7 {[%clk 0:15:33]} 48. Kc4 { [%clk
0:56:40]} 48... Kd7 {[%clk 0:15:08]} 49. b5 {[%clk 0:56:16]} 49... Kc7 { [%clk
0:14:01]} 50. bxa6 {[%clk 0:56:11]} 50... Kb6 {[%clk 0:14:17]} 51. a7 { [%clk
0:56:23]} 51... Kxa7 {[%clk 0:14:31]} 52. Kb5 {[%clk 0:56:48]} 52... Kb7 {[%clk
0:10:39]} 1-0